000 00629nam a2200229Ia 4500
003 OSt
005 20221007063543.0
006 a|||||r|||| 00| 0
007 ta
008 221006b |||||||| |||| 00| 0 eng d
024 _a14,945
037 _cTextual
040 _aFLL
_cFLL
_beng
041 _2eng
_aeng
082 _aX:958, G6
100 _aSarkar Benoy Kumar Au.
_9684458
245 0 _aSocial insurance legislation and statistics
260 _aCalcutta
_bCalcutta pub. India
_c1936
300 _axx,446p
_ccm.
942 _hX:958, G6
_cTEXL
_2CC
999 _c1131516
_d1131516